NBA city and roster - Statistics

General Stats
  • This quiz has been taken 8 times
    2 since last reset
  • The average score is 49 of 60
Answer Stats
Answer % Correct
76ers
100%
Atlanta
100%
Boston
100%
Brooklyn
100%
Bucks
100%
Bulls
100%
Cavaliers
100%
Celtics
100%
Charlotte
100%
Chicago
100%
Cleveland
100%
Dallas
100%
Hawks
100%
Heat
100%
Hornets
100%
Houston
100%
Kings
100%
Lakers
100%
Los Angeles
100%
Los Angeles
100%
Mavericks
100%
Miami
100%
Milwaukee
100%
Minnesota
100%
New Orleans
100%
New York
100%
Oklahoma City
100%
Pelicans
100%
Philadelphia
100%
Phoenix
100%
Raptors
100%
Rockets
100%
Sacramento
100%
San Antonio
100%
Spurs
100%
Suns
100%
Thunder
100%
Timberwolves
100%
Toronto
100%
Clippers
50%
Denver
50%
Detroit
50%
Golden State
50%
Grizzlies
50%
Indiana
50%
Jazz
50%
Magic
50%
Memphis
50%
Nets
50%
Nuggets
50%
Orlando
50%
Pacers
50%
Pistons
50%
Portland
50%
Trail-Blazers
50%
Utah
50%
Warriors
50%
Washington
50%
Wizards
50%
Knickerbockers
0%
No matching quizzes found
Score Distribution
Percent of People with Each Score
Percentile by Number Answered
Your Score History
You have not taken this quiz since the last reset